Centro de Estimulo

Presenta un campo pedagogico, donde se implementen nuevos metodos de enseñanza ademas de un gran centro de capacitación.

Bibliographic Details
Main Author: Novella Ceci, Mario
Other Authors: Tutor: Ogarrio Marín, Roberto
Format: Tesis Section = Libro
Language:Undetermined
Spanish
Published: Guatemala USAC-G 1967
Subjects:
LEADER 00688nam a2200205Ia 4500
008 240830s9999 xx 000 0 und d
040 |a BIBLIOTECA-RUSB/ Mon 727 N857 
041 |a spa 
082 |a Mon 727 N857 
100 1 |a Novella Ceci, Mario 
245 1 0 |a Centro de Estimulo 
260 |a Guatemala  |b USAC-G  |c 1967 
300 |a 110 p. :il. 
502 |a Tesis (Arquitecto) - USAC-G, 1967. 
520 3 |a Presenta un campo pedagogico, donde se implementen nuevos metodos de enseñanza ademas de un gran centro de capacitación. 
650 7 |a EDIFICIOS DESTINADOS A LOS CENTROS DE EDUCACION I 
700 1 |a Tutor:  |b Ogarrio Marín, Roberto 
942 |c BK  |2 ddc 
991 |a TESIS 
999 |c 21365